000 00423nam a22001577a 4500
005 20240313145827.0
008 240313b ||||| |||| 00| 0 eng d
040 _cAL
041 _aeng
082 _223
_a001.64
_bECOM
100 _aMohammed Munavvar
_9154118
245 _aEcommerce:
_bThe Future of Modern Business
260 _aMangalore
_bSt Aloysius College
_c2000
650 _aECommerce
_9154095
942 _2ddc
_cPRO
999 _c230281
_d230281